God's in his heaven, (Record no. 17613)
[ view plain ]
| 000 -LEADER | |
|---|---|
| fixed length control field | 00925cam a22002411 4500 |
| 001 - CONTROL NUMBER | |
| control field | ca 34001747 |
| 003 - CONTROL NUMBER IDENTIFIER | |
| control field | DLC |
| 005 - DATE AND TIME OF LATEST TRANSACTION | |
| control field | 20260227111135.0 |
| 008 - FIXED-LENGTH DATA ELEMENTS--GENERAL INFORMATION | |
| fixed length control field | 800221s1934 nyu 000 0 eng |
| 010 ## - LIBRARY OF CONGRESS CONTROL NUMBER | |
| LC control number | ca 34001747 |
| 035 ## - SYSTEM CONTROL NUMBER | |
| System control number | (OCoLC)6005459 |
| 040 ## - CATALOGING SOURCE | |
| Original cataloging agency | DLC |
| Transcribing agency | OCl |
| Modifying agency | DLC |
| 042 ## - AUTHENTICATION CODE | |
| Authentication code | premarc |
| 050 00 - LIBRARY OF CONGRESS CALL NUMBER | |
| Classification number | PS3537.T4766 |
| Item number | G6 1934 |
| 082 ## - DEWEY DECIMAL CLASSIFICATION NUMBER | |
| Classification number | 812.5 |
| 100 1# - MAIN ENTRY--PERSONAL NAME | |
| Personal name | Stevenson, Philip. |
| 245 10 - TITLE STATEMENT | |
| Title | God's in his heaven, |
| Remainder of title | a play in one act, |
| Statement of responsibility, etc. | by Philip Stevenson. |
| 260 ## - PUBLICATION, DISTRIBUTION, ETC. | |
| Place of publication, distribution, etc. | New York city, |
| Name of publisher, distributor, etc. | The Script library of the Theatre union |
| Date of publication, distribution, etc. | [c1934] |
| 300 ## - PHYSICAL DESCRIPTION | |
| Extent | 46 p. |
| Dimensions | 21 cm. |
| 500 ## - GENERAL NOTE | |
| General note | "First edition." |
| 500 ## - GENERAL NOTE | |
| General note | On cover: Prize winning play in the Theatre union annual competition 1934. |
| 500 ## - GENERAL NOTE | |
| General note | "Conceived as the second episode of a trilogy. The plays present three aspects of unemployment and crisis and build slowly toward the solution offered in the third play."--Theatre union script library, p. 3. |
No items available.